000 00833nam a22002657a 4500
001 BD-DhSAU 7024
003 BD-DhSAU
005 20150516171013.0
008 150516b1989 -uka|||| |||| 00| 0 eng d
040 _aBD-DhSAU
082 _222
_a632.3
_bAGB
100 _aAgarwal, P. C.
245 _aSeed-borne dieases and seed health testing of rice /
_cP. C. Agarwal
260 _aUK :
_bCAB International Mycological Institute ,
_cc1989.
300 _a106 p. :
_bill. ;
_c24 cm.
504 _aIncludes bibliographical references.
590 _aJerin
650 _aPlant Pathology
650 _aSeed-borne dieases
650 _aseed health
650 _arice
710 _aNational Bureau of Plant Genetic Resources
710 _aInstitute of Seed Pathology for developing countries, Danish Government
942 _2ddc
_cBOOK
999 _c7024
_d7024